Las Religiosas de México ante el problema del la educación Laica

Síntesis: Las Religiosas de México le comunican al Sr. José Mora y del Río, Arzobispo de México que han estado cambiando muchos de los hábitos dentro de los planteles educativos se sientan muy tristes, por todo esto, pero se encuentran unidas y sumisas a sus pastorales y estan dispuestas a continuar...

תיאור מלא

שמור ב:
מידע ביבליוגרפי
מחבר ראשי: Religiosas de México (autor)
פורמט: ספר
נושאים:
תגים: הוספת תג
אין תגיות, היה/י הראשונ/ה לתייג את הרשומה!

MARC

LEADER 00000nam^a2200000^a^4500
001 000250858
005 20250526000000.0
009 20260310105830.934
035 |a R01860 
037 |a Acervo Xavier Clavigero 
082 |a 7.  |b REL 
100 |a Religiosas de México  |e (autor) 
245 1 4 |a Las Religiosas de México ante el problema del la educación Laica 
264 |a s/l :  |b Destinatario: Mora y del Rio, José, Arzobispo de México 
300 |a 1 foja, mecanografiada, 21.5x27.5 
336 |a texto  |b txt  |2 rdacontenido 
337 |a sin mediación  |b n  |2 rdamedio 
338 |a volumen  |b nc  |2 rdasoporte 
520 |a Síntesis: Las Religiosas de México le comunican al Sr. José Mora y del Río, Arzobispo de México que han estado cambiando muchos de los hábitos dentro de los planteles educativos se sientan muy tristes, por todo esto, pero se encuentran unidas y sumisas a sus pastorales y estan dispuestas a continuar la lucha. 
598 |a Carta 
598 |a En la biblioteca del ILFC, Guadalajara, Jal. 
598 |a Lugares que cita el documento: México 
649 |a XX 
650 |a Educación y Estado 
650 |a Obispos 
650 |a * Mora y del Río, José 
910 |a Fondo Jesús Gómez Fregoso S.J. FXC 
920 |a Impresos - Documentos 
930 |a Libros Antiguos y Raros 
940 |a Guerra Cristera 
905 |a 110 
901 |a R01860  |b IT2  |c LRA  |i R01860  |u 20250526 
902 |a https://opac.biblio.iteso.mx/vufind/Record/000250858